000 00634nam a2200229Ia 4500
003 OSt
005 20220918201409.0
006 a|||||r|||| 00| 0
007 ta
008 220917b |||||||| |||| 00| 0 eng d
024 _a93,657
037 _cTextual
040 _aARTS
_cARTS
_beng
041 _2eng
_aeng
082 _aV1N4:1n,N74, L6
100 _aVambery Joseph T comp & ed
_998553
245 0 _aAnnual review of United Nations Affair 1974
260 _aN.Y
_bOceana Pub
_c1976
650 _aHISTORY
942 _hV1N4:1n,N74, L6
_cTEXL
_2CC
999 _c217299
_d217299